000 00288nam a2200133 i 4500
001 bg
100 1 _aKYMPAN, F.
245 0 _aIstorija cisla II /
_cF. Kympan.
260 _aMoskwa,
_c1971.
040 _cBPK
041 _apol
942 _cKS
008 s pl f |000 0 pol
999 _c14549
_d14549
856 _uhttp://koha.tu.koszalin.pl/cgi-bin/koha/opac-detail.pl?biblionumber=14549
_yKatalog online BPK